Normal view
MARC view
Entry Personal Name
001 - CONTROL NUMBER
- control field: 43676
003 - CONTROL NUMBER IDENTIFIER
- control field: ARRUPE
005 - DATE AND TIME OF LATEST TRANSACTION
- control field: 20181127120831.0
008 - FIXED-LENGTH DATA ELEMENTS
- fixed length control field: 181127|| aca||aabn | a|a d
040 ## - CATALOGING SOURCE
- Original cataloging agency: ARRUPE
- Transcribing agency: ARRUPE
100 ## - HEADING--PERSONAL NAME
- Personal name: Sophia Michalenko,
- Titles and other words associated with a name: Sister.
670 ## - SOURCE DATA FOUND
- Source citation: Work cat.: (ARRUPE)0: Sophia Michalenko, Sister., The life of Faustina Kowalska :, c1999.